| 000 | 00445nam a22001697a 4500 | ||
|---|---|---|---|
| 003 | OSt | ||
| 005 | 20260320150148.0 | ||
| 008 | 260320b |||||||| |||| 00| 0 Pun d | ||
| 040 | _cBGL | ||
| 082 | _a891.423 PAR:N | ||
| 100 | _aਪਰਵਾਨਾ ਬਲਬੀਰ | ||
| 245 | _aਨਸਾਂ ' ਚ ਫੈਲਦਾ ਜ਼ਹਿਰ | ||
| 260 |
_aNew Delhi _bNavyug Publication _c2025 |
||
| 300 | _a215p | ||
| 650 | _aPunjabi | ||
| 942 |
_2ddc _cGB |
||
| 999 |
_c44321 _d44321 |
||